000 00538nam a2200181Ia 4500
003 GCL
008 140319s9999 xx 000 0 eng d
040 _aGCL /
_cGCL
082 0 4 _a621.3822
_bP D
100 1 _aPROOKIS,JOHN G
245 1 0 _aDIGITAL SIGNAL PROCESSING PRINCIPLES,ALGORITHMS AND APPLICATINS, 2ND ED /
_cPROOKIS,JOHN G
700 1 _aMANALAKIS, DIMITIS CE
260 _a[S.N] :
_bMACMILLAN PUBBISHING CO ،
_c1992
300 _a969 PP
650 0 4 _aSIGNAL PROCESSING
650 0 4 _aDIGITAL TECHNIQUES
942 _2ddc
_cBK
999 _c16694
_d16694